LIBRARY & INFORMATION CENTRE, KCAET, TAVANUR

ONLINE PUBLIC ACCESS CATALOGUE (OPAC)

Text book of theoretical botany, vol-2 / (Record no. 7401)

MARC details
000 -LEADER
fixed length control field 00468cam a2200193ua 4500
041 ## - LANGUAGE CODE
Language code of text/sound track or separate title eng
082 ## - DEWEY DECIMAL CLASSIFICATION NUMBER
Classification number 581
Item number MCL/TE
100 ## - MAIN ENTRY--AUTHOR NAME
Personal name Mclean, R C .
245 ## - TITLE STATEMENT
Title Text book of theoretical botany, vol-2 /
250 ## - EDITION STATEMENT
Edition statement 2 /
260 ## - PUBLICATION, DISTRIBUTION, ETC. (IMPRINT)
Place of publication London :
Name of publisher Longman ,
Year of publication 1961.
300 ## - PHYSICAL DESCRIPTION
Number of Pages 2201 ; .
700 1# - ADDED ENTRY--PERSONAL NAME
Personal name Ivimey-cook, W R .
942 ## - ADDED ENTRY ELEMENTS (KOHA)
Koha item type Books
Holdings
Withdrawn status Lost status Damaged status Home library Current library Date acquired Full call number Accession Number Koha item type
Withdrawn     KAUAET KAUAET 07/04/2012 581 MCL/TE 4785 Books
free website counter